| 000 | 00713nam a22001695i 4500 | ||
|---|---|---|---|
| 001 | 170700 | ||
| 003 | ES-MaACL | ||
| 005 | 20250717063052.0 | ||
| 008 | 090331s1868 sp |||| | spa d | ||
| 080 | _a821.134.2-2"18" | ||
| 100 | 1 |
_aGarcía Balmaseda, Joaquina, _d1837-1911 _954217 |
|
| 245 | 1 | 0 |
_aDonde las dan... _b: proverbio en un acto y en verso / _coriginal de Joaquina García Balmaseda. |
| 260 |
_aMadrid : _b[s.n.], _c1868 ( _fEst. tip. de Eduardo Cuesta) |
||
| 300 |
_a31 p. ; _c19 cm. |
||
| 852 |
_aES-MaACL _jF-8554(1) _zEnc. pasta española- Falto de la cub. original _z.- Enc. en vol facticio formando parte de la col. facticia "Teatro español moderno", v. 6 |
||
| 999 |
_c170700 _d170700 |
||